1004 1953 1249 1636 1537 1258 1000 1676 1436 1054 1274 1065 1935 1637 1341 1160 1154 1922 1988 1596 1329 1545 1233 1180 1041 1717 1236 1414 1972 1890 1399 1659 1163 1958 1137 1676 1407 1797 1440 1310 1211 1797 1809 1619 1260 1093 1559 1212 1332 1873 1724 1936 1769 1771 1709 1691 1108 1367 1697 1698 1494 1617 1544 1775 2000 1345 1195 1854 1012 1173 1707 1641 1350 1732 1994 1005 1221 1541 1451 1641 1963 1174 1267 1121 1653 1001 1158 1174 1651 1557 1337 1132 1183 1323 1990 1085 1951 1109 1288 BCNSPRNW ULIB Ver.6.0+V

เปลี่ยนเป็นภาษาไทย

Change to English
 แสดงรายละเอียดบรรณานุกรม
  กลับหน้าหลัก

Brief Record : Get Marc (ISO 2709) : E-mail record : QR code < ปิดหน้าต่าง
LEADER : 00000nam 2200000uu 4500
001    13399126179
003     ULIB
008    180702s2560||||th 000 0 tha d
020    ^a9786167495057
060  4 ^aWY152^bผ225พ
100 0  ^aผ่องพรรณ อรุณแสง
245 10 ^aการพยาบาลปัญหาสำคัญของผู้สูงอายุ : การนำใช้ /^cผ่องพรรณ อรุณแสง
250    ^aพิมพ์ครั้งที่ 4
260    ^aขอนแก่น :^bโรงพิมพ์คลังนานาวิทยา,^c2560
300    ^aก-ฒ, 290 หน้า
500    ^a^"ผู้จัดทำสังกัดคณะพยาบาลศาสตร์ มหาวิทยาลัยขอนแก่น^"
650  7 ^aการพยาบาลผู้สูงอายุ
650  7 ^aผู้สูงอายุ^xการดูแล
650  7 ^aวัยชรา^xการดูแล
945    ^p300^l0^i003553
945    ^p300^l0^i003552
945    ^p300^l0^i004290
999    ^aวรรณษา ชูชัยมงคล
รายการนี้ยังไม่มีแท็ก
คุณยังไม่ได้ล็อกอิน คุณสามารถมีกิจกรรมร่วมกับเว็บไซต์ได้ แต่ต้องล็อกอินก่อน ::
  ล็อกอิน

รายการสื่อสารสนเทศ

ลำดับที่ ประเภท เลขเรียก/บาร์โค้ด สถานที่ สถานะ
1. วิทยาศาสตร์การแพทย์ และสุขภาพ
หนังสือสำรอง
สถานะ=หนังสือสำรอง
WY152 ผ225พ ฉ.1 
  Barcode: 003552
ห้องสมุดวิทยาเขตสวรรค์ประชารักษ์
►หนังสือทั่วไป
บนชั้น
2. วิทยาศาสตร์การแพทย์ และสุขภาพ
วิทยาศาสตร์การแพทย์ และสุขภาพ
WY152 ผ225พ ฉ.2 
  Barcode: 003553
ห้องสมุดวิทยาเขตสวรรค์ประชารักษ์
►หนังสือทั่วไป
ถูกยืม กำหนดส่งวันที่ 1 มีนาคม 2569
  จอง
3. วิทยาศาสตร์การแพทย์ และสุขภาพ
วิทยาศาสตร์การแพทย์ และสุขภาพ
WY152 ผ225พ ฉ.3 
  Barcode: 004290
ห้องสมุดวิทยาเขตสวรรค์ประชารักษ์
►หนังสือทั่วไป
บนชั้น

รายการใกล้เคียง
    ผู้แต่ง [ผ่องพรรณ อรุณแสง]

    หัวเรื่อง [การพยาบาลผู้สูงอายุ]
    หัวเรื่อง [ผู้สูงอายุ การดูแล]

BibComment


ยังไม่เคยถูกคอมเมนท์

คอมเมนท์ทรัพยากรรายการนี้
  คอมเมนท์: การพยาบาลปัญหาสำ..


 Copyright 2026. Bcnsprnw @Library